| 000 | 01391nam2a2200229 4500 | ||
|---|---|---|---|
| 001 | rc\2958509 | ||
| 005 | 20260315071103.0 | ||
| 035 | _a(NLR Aleph) 007206631 | ||
| 090 |
_a13629502 _c13629502 |
||
| 100 | _a20110902d1937 u y0rusy50 ca | ||
| 101 | 1 |
_arus _ceng |
|
| 102 | _aRU | ||
| 105 | _ay z ||||| | ||
| 200 | 0 | _aТ. 2 | |
| 210 | _d1937 | ||
| 215 | _aПерепл., 220 с. | ||
| 461 | 0 |
_1001rc\2958508 _12000#$aАрхиво полковника Хауза$e[Дневники и переписка с президентом Вильсоном и др. полит. деятелями за период 1914-1917 г.]$eПер. с англ. Т. I -$fПодготовлен к печати проф. истории Иэйлск. ун-та Чарлзом Сеймуром ...$vT. 2 _1700#1$aХауз$bЭ.$gЭдуард$f1858-1938 _97656036 _aХауз, Э. (1858-1938) _cМосква _d1937 _fПодготовлен к печати проф. истории Иэйлск. ун-та Чарлзом Сеймуром ... _nСоцэкгиз _o[Дневники и переписка с президентом Вильсоном и др. полит. деятелями за период 1914-1917 г.] : Пер. с англ. Т. I - _tАрхиво полковника Хауза _vT. 2 |
|
| 801 | 0 |
_aRU _bNLR _gpsbo |
|
| 801 | 1 |
_aRU _bELAR _2rusmarc |
|
| 852 |
_aNLR _j37-48/202 |
||
| 942 | _cUNSPEC | ||
| 980 | _aNB | ||